| 000 | 00862nam a22002897a 4500 | ||
|---|---|---|---|
| 001 | 200463419 | ||
| 003 | TR-AnTOB | ||
| 005 | 20241225095005.0 | ||
| 008 | 241225b tu ||||| |||| 00| 0 tur d | ||
| 020 | _a9786256427082 | ||
| 040 |
_aTR-AnTOB _beng _erda _cTR-AnTOB |
||
| 041 | _atur | ||
| 092 |
_a808.068 _bBAL 2024 |
||
| 245 |
_aBalina hope / _cTranslator: Göksu Bilgin ; İllustrator: Laura Chamberlain |
||
| 250 | _a1.bs. | ||
| 264 |
_aAnkara : _bNobel çocuk ; _c2024. |
||
| 300 |
_a40 Pages : _bill. ; _c30 cm. |
||
| 336 |
_atext _btxt _2rdacontent |
||
| 337 |
_aunmediated _bn _2rdamedia |
||
| 338 |
_avolume _bnc _2rdacarrier |
||
| 653 | _aOkuma kitapları | ||
| 700 |
_aGöksu Bilgin _etranslator _9147631 |
||
| 700 |
_aLaura Chamberlain _eillustrator _9147632 |
||
| 942 |
_2ddc _cBK |
||
| 999 |
_c200463419 _d81631 |
||